Research, Reflection and Community Engagement/ (Record no. 210832)

MARC details
000 -LEADER
fixed length control field 00722nam a22001937a 4500
005 - DATE AND TIME OF LATEST TRANSACTION
control field 20250404153147.0
010 ## - LCCN (DPL NO)
LC control number ENG-144494
020 ## - INTERNATIONAL STANDARD BOOK NUMBER
Terms of availability 250.00
International Standard Book Number 9788196085056
035 ## - SYSTEM CONTROL NUMBER
System control number EN-1280026
037 ## - SOURCE OF ACQUISITION
Source of stock number/acquisition DBAD
082 ## - DEWEY DECIMAL CLASSIFICATION NUMBER
Classification number 363.3
245 ## - TITLE STATEMENT
Title Research, Reflection and Community Engagement/
Statement of responsibility, etc Edited By Walter Fernandes [and] Sanjay Barbora
260 ## - PUBLICATION, DISTRIBUTION, ETC. (IMPRINT)
Place of publication, distribution, etc Guwahati
Name of publisher, distributor, etc North Eastern Social Research Centre
Date of publication, distribution, etc 2024
270 ## - ADDRESS
Address North Eastern Social Research Centre Jagriti 2nd Floor, Arunodoi Path, GMCH Road, Christian Basti
City Guwahati
Postal code 781005
300 ## - PHYSICAL DESCRIPTION
Extent 217p.
Dimensions 22cm(pb)
700 ## - ADDED ENTRY--PERSONAL NAME
Personal name Fernandes, Walter
Relator term Editor
9 (RLIN) 80340
700 ## - ADDED ENTRY--PERSONAL NAME
Personal name Barbora, Sanjay
Relator term Editor
9 (RLIN) 80341
942 ## - ADDED ENTRY ELEMENTS (KOHA)
Call number suffix RES
Source of classification or shelving scheme Dewey Decimal Classification
Item type English Books
Classification part 363.3
Holdings
Withdrawn status Lost status Not for loan Collection code Home library Current library Date acquired Source of acquisition Cost, normal purchase price Full call number Barcode Copy number Cost, replacement price Koha item type
    Not For Loan Non-fiction D.B.Act.Division D.B.Act.Division 04/04/2025 Delivery of Books Act Division 250.00 RES 363.3 EN-128026 1 250.00 English Books

© Delhi Public Library
Hit Counter
free hit counter